| 000 | 00624nam a22001937a 4500 | ||
|---|---|---|---|
| 999 |
_c189957 _d189957 |
||
| 005 | 20220715101734.0 | ||
| 010 | _aENG-133576 | ||
| 020 |
_a9780143425304 _c250.00 |
||
| 035 | _aEN-117108 | ||
| 037 | _bDBAD/PUB | ||
| 082 | _a920 | ||
| 100 | _aAshokan, M.S. | ||
| 245 |
_aKarmayogi: _cby M.S. Ashokan; translated by Rajesh Rajamohan _ba biography of E.Sreedharan / |
||
| 260 |
_aGurgaon _bPenguin Books _c2015 |
||
| 270 |
_a7th Floor, Infiniry Tower C, DLF Cyber City, _bGurgaon (Haryana) _e122002 |
||
| 300 |
_aix,250p. _c19cm(pbk) _bill. |
||
| 700 | _aRajesh Rajamohan | ||
| 942 |
_2ddc _cEN _h920 _mASH |
||